<?xml version="1.0" encoding="UTF-8"?><?xml-stylesheet type="text/xsl" href="static/style.xsl"?><OAI-PMH xmlns="http://www.openarchives.org/OAI/2.0/" xmlns:xsi="http://www.w3.org/2001/XMLSchema-instance" xsi:schemaLocation="http://www.openarchives.org/OAI/2.0/ http://www.openarchives.org/OAI/2.0/OAI-PMH.xsd"><responseDate>2026-07-04T21:47:20Z</responseDate><request verb="GetRecord" identifier="oai:docta.ucm.es:20.500.14352/101465" metadataPrefix="marc">https://docta.ucm.es/rest/oai/request</request><GetRecord><record><header><identifier>oai:docta.ucm.es:20.500.14352/101465</identifier><datestamp>2025-03-18T11:50:21Z</datestamp><setSpec>com_20.500.14352_14</setSpec><setSpec>col_20.500.14352_15</setSpec></header><metadata><record xmlns="http://www.loc.gov/MARC21/slim" xmlns:dcterms="http://purl.org/dc/terms/" xmlns:xsi="http://www.w3.org/2001/XMLSchema-instance" xmlns:doc="http://www.lyncode.com/xoai" xsi:schemaLocation="http://www.loc.gov/MARC21/slim http://www.loc.gov/standards/marcxml/schema/MARC21slim.xsd">
   <leader>00925njm 22002777a 4500</leader>
   <datafield ind2=" " ind1=" " tag="042">
      <subfield code="a">dc</subfield>
   </datafield>
   <datafield ind2=" " ind1=" " tag="720">
      <subfield code="a">Redondo Martínez, Fernando</subfield>
      <subfield code="e">author</subfield>
   </datafield>
   <datafield ind2=" " ind1=" " tag="720">
      <subfield code="a">Hurtado-Marcos, Carolina</subfield>
      <subfield code="e">author</subfield>
   </datafield>
   <datafield ind2=" " ind1=" " tag="720">
      <subfield code="a">Izquierdo Arias, Fernando</subfield>
      <subfield code="e">author</subfield>
   </datafield>
   <datafield ind2=" " ind1=" " tag="720">
      <subfield code="a">Cuéllar Del Hoyo, María Del Carmen</subfield>
      <subfield code="e">author</subfield>
   </datafield>
   <datafield ind2=" " ind1=" " tag="720">
      <subfield code="a">Fenoy Rodríguez, Soledad</subfield>
      <subfield code="e">author</subfield>
   </datafield>
   <datafield ind2=" " ind1=" " tag="720">
      <subfield code="a">Sáez Álvarez, Yanira</subfield>
      <subfield code="e">author</subfield>
   </datafield>
   <datafield ind2=" " ind1=" " tag="720">
      <subfield code="a">Magnet Dávila, Ángela</subfield>
      <subfield code="e">author</subfield>
   </datafield>
   <datafield ind2=" " ind1=" " tag="720">
      <subfield code="a">Galindo-Regal, Lorena</subfield>
      <subfield code="e">author</subfield>
   </datafield>
   <datafield ind2=" " ind1=" " tag="720">
      <subfield code="a">Uribe, Natalia</subfield>
      <subfield code="e">author</subfield>
   </datafield>
   <datafield ind2=" " ind1=" " tag="720">
      <subfield code="a">López-Bañeres, Manuel</subfield>
      <subfield code="e">author</subfield>
   </datafield>
   <datafield ind2=" " ind1=" " tag="720">
      <subfield code="a">Jiménez, Ana Isabel</subfield>
      <subfield code="e">author</subfield>
   </datafield>
   <datafield ind2=" " ind1=" " tag="720">
      <subfield code="a">Llombart-Cussac, Antonio</subfield>
      <subfield code="e">author</subfield>
   </datafield>
   <datafield ind2=" " ind1=" " tag="720">
      <subfield code="a">Águila De La Fuente, Carmen Del</subfield>
      <subfield code="e">author</subfield>
   </datafield>
   <datafield ind2=" " ind1=" " tag="720">
      <subfield code="a">Andreu-Ballester, Juan Carlos</subfield>
      <subfield code="e">author</subfield>
   </datafield>
   <datafield ind2=" " ind1=" " tag="260">
      <subfield code="c">2022-10-29</subfield>
   </datafield>
   <datafield ind2=" " ind1=" " tag="520">
      <subfield code="a">Microsporidia are opportunistic intracellular parasites, generating serious pathology in individuals with a compromised immune system. Infection by microsporidia inhibits p53 and Caspase 3, proteins involved in apoptosis and the cell cycle, which are vital in the malignant process of epithelial cells. The presence of microsporidia in the intestinal tissues of 87 colon cancer (CC) patients and 25 healthy controls was analyzed by real-time PCR and an immunofluorescence antibody test. Anti-Encephalitozoon antibodies were analyzed in serum samples by ELISA (enzyme linked immunosorbent assay). In 36 (41.3%) CC cases, microsporidia infections were identified in their tissues vs. no cases among control subjects (p &amp;lt; 0.0001). An increase in IgG and IgE anti-Encephalitozoon antibodies was found in patients with CC, which would demonstrate continuous and previous contact with the parasite. The high prevalence of microsporidia in tissues and the seroprevalence in patients with CC suggest a relationship between microsporidia and the etiopathogenesis of CC.&lt;/jats:p></subfield>
   </datafield>
   <datafield ind1="8" ind2=" " tag="024">
      <subfield code="a">Redondo F, Hurtado-Marcos C, Izquierdo F, Cuéllar C, Fenoy S, Sáez Y, Magnet Á, Galindo-Regal L, Uribe N, López-Bañeres M, Jiménez AI, Llombart-Cussac A, Del Águila C, Andreu-Ballester JC. Latent Microsporidia Infection Prevalence as a Risk Factor in Colon Cancer Patients. Cancers (Basel). 2022 Oct 29;14(21):5342. doi: 10.3390/cancers14215342. PMID: 36358760; PMCID: PMC9658866.</subfield>
   </datafield>
   <datafield ind1="8" ind2=" " tag="024">
      <subfield code="a">2072-6694</subfield>
   </datafield>
   <datafield ind1="8" ind2=" " tag="024">
      <subfield code="a">10.3390/cancers14215342</subfield>
   </datafield>
   <datafield ind1="8" ind2=" " tag="024">
      <subfield code="a">https://hdl.handle.net/20.500.14352/101465</subfield>
   </datafield>
   <datafield ind1="8" ind2=" " tag="024">
      <subfield code="a">https://doi.org/10.3390/cancers14215342</subfield>
   </datafield>
   <datafield ind2="0" ind1="0" tag="245">
      <subfield code="a">Latent Microsporidia Infection Prevalence as a Risk Factor in Colon Cancer Patients</subfield>
   </datafield>
</record></metadata></record></GetRecord></OAI-PMH>